Recent one-act plays / (Record no. 128035)
[ view plain ]
| 000 -LEADER | |
|---|---|
| fixed length control field | 00594nam a22002177a 4500 |
| 005 - DATE AND TIME OF LATEST TRANSACTION | |
| control field | 20170124110034.0 |
| 010 ## - LIBRARY OF CONGRESS CONTROL NUMBER | |
| LC control number | 841212 |
| 020 ## - INTERNATIONAL STANDARD BOOK NUMBER | |
| Terms of availability | 00.00 |
| 035 ## - SYSTEM CONTROL NUMBER | |
| System control number | 841212 |
| 037 ## - SOURCE OF ACQUISITION | |
| Source of stock number/acquisition | Cen Lib/Ret |
| 040 ## - CATALOGING SOURCE | |
| Original cataloging agency | dpl |
| Language of cataloging | EN |
| 082 ## - DEWEY DECIMAL CLASSIFICATION NUMBER | |
| Classification number | 822 |
| Item number | BAY |
| 100 ## - MAIN ENTRY--PERSONAL NAME | |
| Personal name | Bayliss, A.E.M. |
| 9 (RLIN) | 22224 |
| 245 ## - TITLE STATEMENT | |
| Title | Recent one-act plays / |
| Statement of responsibility, etc | selected by A.E.M.Bayliss |
| 260 ## - PUBLICATION, DISTRIBUTION, ETC. (IMPRINT) | |
| Name of publisher, distributor, etc | George G.Harrap & Co. Ltd. |
| Date of publication, distribution, etc | 1944 |
| Place of publication, distribution, etc | London |
| 270 ## - ADDRESS | |
| Address | 182, High Holborn |
| 300 ## - PHYSICAL DESCRIPTION | |
| Extent | 184p. |
| Dimensions | 18cm(Hb) |
| 650 ## - SUBJECT ADDED ENTRY--TOPICAL TERM | |
| Topical term or geographic name as entry element | Children's plays. |
| 9 (RLIN) | 22225 |
| 650 ## - SUBJECT ADDED ENTRY--TOPICAL TERM | |
| Topical term or geographic name as entry element | English Plays. |
| 9 (RLIN) | 22226 |
| 942 ## - ADDED ENTRY ELEMENTS (KOHA) | |
| Source of classification or shelving scheme | Dewey Decimal Classification |
| Koha item type | English Books |
| Classification part | 822 |
| Call number suffix | BAY |
| Withdrawn status | Lost status | Damaged status | Not for loan | Home library | Current library | Date acquired | Source of acquisition | Cost, normal purchase price | Total Checkouts | Full call number | Barcode | Date last seen | Copy number | Cost, replacement price | Price effective from | Koha item type |
|---|---|---|---|---|---|---|---|---|---|---|---|---|---|---|---|---|
| Central Library | Central Library | 01/07/2015 | Cen Lib/Ret | 0.00 | 822 BAY | 841212 | 01/07/2015 | 1 | 0.00 | 01/07/2015 | English Books |
